Responses for Show #9102 - Tuesday, May 14, 2024

Will Stewart game 3.

Contestants

[<< previous game]

Ashley Atkin, a stay-at-home mom and part-time graduate student from Jerome, Idaho

Omar Ahmed, an analytics manager from Old Hickory, Tennessee

Will Stewart, a political organizer originally from Nashville, Tennessee (whose 2-day cash winnings total $44,301)

[next game >>]

Jeopardy! Round responses

PICTURE THE 21st CENTURY FILM
ETYMOLOGY
HIS WIDOW LIVED ON: NOTORIOUS EDITION
THE "BURG"s
ATOM
EVE
    $200 25
Black Panther

Ashley
    $200 28
hair

Will
    $200 30
serial killers

Will
    $200 22
St. Petersburg

Will
    $200 24
protons

Ashley
    $200 27
"Auld Lang Syne"

Will
    $400 16
Knives Out

Ashley
    $400 14
alphabet

Will
    $400 29
(Ken: That would be Clyde [*] of Bonnie and Clyde fame.)

Barrow

Triple Stumper
    $400 17
Johannesburg

Ashley
    $400 23
iron

Will
    $400 21
a maypole

Ashley
    $600 9
Moonlight

Omar
    $600 10
fjords

Will
    $600 26
(Will: Who is Blackbeard?)
(Ashley: Who is Captain Morgan?)
(Ken: Omar, wanna play guess a pirate?)

Captain Kidd

WillAshley
Triple Stumper
    $600 13
Hamburg

Will
    $600 12
(Ashley: What is an isotope?)

decay

WillAshley
    $600 20
(Omar: What is Yom Kippur?)

Passover

WillOmar
    $800 6
Baby Driver

Will
    $800 4
hashish

Will
    $2,000 18
(Ashley: Hmm... um... what is Scarface?)

Baby Face Nelson

Ashley
    $800 5
(Ken: Pennsylvania, yes.)

Harrisburg

Ashley
    $800 11
(Omar: What are isotopes?)

ions

WillOmar
    $800 19
the Emancipation Proclamation

Ashley
    $1000 7
Blue Jasmine

Omar
    $1000 3
a priest

Omar
    $1000 8
Lee Harvey Oswald

Ashley
    $1000 2
(Ken: In your native Tennessee, yes.)

Gatlinburg

Will
    $1000 1
covalent

Will
    $1000 15
John the Baptist

Ashley

Scores at the first commercial break (after clue 15):

Will Omar Ashley
$6,600 $1,800 $2,200

Scores at the end of the Jeopardy! Round:

Will Omar Ashley
$7,800 $1,200 $2,000

Double Jeopardy! Round responses

POST-WWII ASIAN HISTORY
DANCE MUSIC
THE NATIONAL PARK SYSTEM
THAT HAS SOME APPEAL
PREQUELS & SEQUELS
STARTS & ENDS WITH "L"
    $400 21
Sinai

Will
    $400 28
Daft Punk

Omar
    $400 30
Colorado

Ashley
    $400 26
separate but equal

Ashley
    $400 23
Grisham

Will
    $400 24
lull

Will
    $10,000 20
(Ken: In the nick of time, that is correct.)

Vietnam

Will
    $800 27
DJ Snake

Omar
    $800 29
a mammoth

Will
    $800 25
(Ashley: What is probable cause?)

due process

Ashley
Triple Stumper
    $800 22
Robinson Crusoe

Ashley
    $800 15
liberal

Ashley
    $1200 19
(Ashley: Um... what are the Philippines?)

Marcos

WillAshley
    $1200 16
Diplo

Omar
    $1200 17
Bering

Ashley
    $1200 18
Sarkozy

Ashley
    $1200 12
a Hobbit

Ashley
    $1200 10
(Omar: What is a straight?)

lowball

Omar
Triple Stumper
    $1600 2
Macau

Will
    $1600 4
"What Is Love"

Omar
    $2,600 6
fishermen

Omar
    $1600 1
the Confederate flag

Ashley
    $1600 11
songbirds & snakes

Ashley
    $1600 9
lackadaisical

Omar
    $2000 3
East Pakistan

Omar
    $2000 5
Skrillex

Omar
    $2000 14
(John) Muir

Will
    $2000 7
Wicca

Will
    $2000 13
The Mortal Instruments

Triple Stumper
    $2000 8
(Ashley: What is lintelnal?)

liminal spaces

WillAshley

Scores at the end of the Double Jeopardy! Round:

Will Omar Ashley
$28,600 $12,200 $7,200
(lock game)

[wagering suggestions for these scores]

Final Jeopardy! Round responses

BUSINESS LOGOS
(Ken: [To Will] Didn't quite get through...)
(Will: I was trying to write Barq's.)
...
(Ken: The beaver is the national symbol of Canada; you'll still see a map on the [*] logo today.)
AshleyWhat is?
$5,001
OmarWhat is Ozarka?
$2,201
WillWhat is Baro
$2,400
Canada Dry

Final scores:

Will Omar Ashley
$26,200 $9,999 $2,199
3-day champion: $70,501 2nd place: $3,000 3rd place: $2,000

Game dynamics:

Coryat scores:

Will Omar Ashley
$19,400 $11,200 $9,200
25 R
(including 1 DD),
1 W
11 R
(including 1 DD),
3 W
18 R,
6 W
(including 1 DD)

Combined Coryat: $39,800

[game clues] [game scores] [suggest correction]

Game tape date: 2024-04-03
The J! Archive is created by fans, for fans. Scraping, republication, monetization, and malicious use prohibited; this site may use cookies and collect identifying information. See terms. The Jeopardy! game show and all elements thereof, including but not limited to copyright and trademark thereto, are the property of Jeopardy Productions, Inc. and are protected under law. This website is not affiliated with, sponsored by, or operated by Jeopardy Productions, Inc. Join the discussion at JBoard.tv.